Say hola to Spanish / (Record no. 6166)

MARC details
000 -LEADER
fixed length control field 01089cam a2200325 a 4500
001 - CONTROL NUMBER
control field 6166
003 - CONTROL NUMBER IDENTIFIER
control field FISKH
005 - DATE AND TIME OF LATEST TRANSACTION
control field 20250321115643.0
008 - FIXED-LENGTH DATA ELEMENTS--GENERAL INFORMATION
fixed length control field 950525s1996 nyua j 000 0 eng
010 ## - LIBRARY OF CONGRESS CONTROL NUMBER
LC control number 95000478
020 ## - INTERNATIONAL STANDARD BOOK NUMBER
International Standard Book Number 1880000296
040 ## - CATALOGING SOURCE
Original cataloging agency DLC
Transcribing agency DLC
Modifying agency DLC
Language of cataloging eng
050 ## - LIBRARY OF CONGRESS CALL NUMBER
Classification number PC4445 .E49
082 ## - DEWEY DECIMAL CLASSIFICATION NUMBER
Classification number 468.1
100 1# - MAIN ENTRY--PERSONAL NAME
Personal name Elya, Susan Middleton,
Dates associated with a name 1955-
245 10 - TITLE STATEMENT
Title Say hola to Spanish /
Statement of responsibility, etc. by Susan Middleton Elya ; illustrated by Loretta Lopez.
250 ## - EDITION STATEMENT
Edition statement First Scholastic printing, April 1998
260 ## - PUBLICATION, DISTRIBUTION, ETC.
Place of publication, distribution, etc. New York :
Name of publisher, distributor, etc. Scholastic,
Date of publication, distribution, etc. 1996.
300 ## - PHYSICAL DESCRIPTION
Extent 32 pages :
Other physical details color illustrations ;
Dimensions 26 cm
505 ## - FORMATTED CONTENTS NOTE
Formatted contents note D<br/>
520 ## - SUMMARY, ETC.
Summary, etc. Introduces Spanish by defining such common words as "hola" ("hello"), "perro" ("dog"), and "madre" ("mother").
521 8# - TARGET AUDIENCE NOTE
Target audience note 160<br/>
Source Lexile estimate<br/>
521 8# - TARGET AUDIENCE NOTE
Target audience note D<br/>
Source Raz-Plus<br/>
650 #0 - SUBJECT ADDED ENTRY--TOPICAL TERM
Topical term or geographic name entry element Spanish language
General subdivision Vocabulary
-- Juvenile literature.
650 #1 - SUBJECT ADDED ENTRY--TOPICAL TERM
Topical term or geographic name entry element Spanish language
General subdivision Vocabulary.
700 1# - ADDED ENTRY--PERSONAL NAME
Personal name Lopez, Loretta,
Dates associated with a name 1963-
906 ## - LOCAL DATA ELEMENT F, LDF (RLIN)
a 7
b cbu
c orignew
d 1
e ocip
f 19
g y-gencatlg
942 ## - ADDED ENTRY ELEMENTS (KOHA)
Source of classification or shelving scheme Dewey Decimal Classification
Koha item type Books
Suppress in OPAC No
Holdings
Withdrawn status Lost status Source of classification or shelving scheme Damaged status Not for loan Collection Home library Current library Shelving location Date acquired Total Checkouts Full call number Barcode Date last seen Date last checked out Price effective from Koha item type
    Dewey Decimal Classification     Non-Fiction Footprints International School Library Network Toul Kork Campus Footprints International School Library Network Toul Kork Campus TK Primary Library Room(4th Floor), Bookcase 7, Shelves 57-60, Dark Green Books 03/21/2025 1 ELY 468.1 PC4445 .E49 FISBK06389 02/02/2026 01/05/2026 03/21/2025 Books